|
|
|
|
| LEADER |
00764nam a2200217Ia 4500 |
| 001 |
CTU_84446 |
| 008 |
210402s9999 xx 000 0 und d |
| 082 |
|
|
|a 676.2
|
| 082 |
|
|
|b F815
|
| 110 |
|
|
|a France. Comité sectoriel des pâtes, papiers et cartons, et articles transformés.
|
| 245 |
|
0 |
|a Pâtes, papiers, cartons, industries diverses :
|
| 245 |
|
0 |
|b Rapports des comités
|
| 245 |
|
0 |
|c France. Comité sectoriel des pâtes, papiers et cartons, et articles transformés.
|
| 260 |
|
|
|a Paris
|
| 260 |
|
|
|b Documentation française
|
| 260 |
|
|
|c 1971
|
| 650 |
|
|
|a Paper making and trade,Small business
|
| 650 |
|
|
|x Statistics
|
| 650 |
|
|
|z France,France
|
| 904 |
|
|
|i QHieu(sửa)
|
| 980 |
|
|
|a Trung tâm Học liệu Trường Đại học Cần Thơ
|